[Event "European Rapid 2015"]
[Site "Minsk BLR"]
[Date "2015.12.19"]
[Round "1.49"]
[White "Tukhaev, Adam"]
[Black "Ter-Saakian, Grigorii"]
[Result "1-0"]
[WhiteTitle "GM"]
[WhiteElo "2564"]
[BlackElo "1795"]
[WhiteFideId "14109476"]
[BlackFideId "34136204"]
[EventDate "2015.12.19"]

1. e4 e6 2. d4 d5 3. e5 c5 4. c3 Nc6 5. Nf3 Bd7 6. Be2 Nge7 7. Na3 Ng6 8. O-O
Be7 9. Nc2 O-O 10. Re1 a6 11. Bd3 c4 12. Bf1 b5 13. g3 Qb6 14. h4 Rfb8 15. h5
Nf8 16. h6 g6 17. Bg5 Qd8 18. Bxe7 Qxe7 19. Ne3 Be8 20. Ng4 Nd7 21. Qd2 f5 22.
exf6 Nxf6 23. Nxf6+ Qxf6 24. Ne5 Nxe5 25. Rxe5 Bf7 26. Rae1 Re8 27. Bh3 Ra7 28.
Qe3 Rae7 29. Bg2 Kf8 30. g4 Rd7 31. f4 Qd8 32. Bh3 Rd6 33. Kg2 Rd7 34. Qg3 Rd6
35. R1e3 Rd7 36. Qe1 Rde7 37. Kg1 Qd6 38. Qh4 Qd8 39. Qf6 Rd7 40. Qg7+ Ke7 41.
Rxe6# 1-0

[Event "European Rapid 2015"]
[Site "Minsk BLR"]
[Date "2015.12.19"]
[Round "2.8"]
[White "Zelenko, Pavel"]
[Black "Savchenko, Boris"]
[Result "0-1"]
[BlackTitle "GM"]
[WhiteElo "2164"]
[BlackElo "2612"]
[WhiteFideId "13503952"]
[BlackFideId "4147332"]
[EventDate "2015.12.19"]

1. d4 e6 2. c4 b6 3. Nf3 Bb7 4. e3 f5 5. Bd3 Nf6 6. O-O Bd6 7. h3 Nc6 8. Nc3 Bb4
9. d5 Ne7 10. dxe6 dxe6 11. Qa4+ Nc6 12. Ne5 Bxc3 13. bxc3 O-O 14. Nxc6 Qxd3 15.
Nd4 c5 16. Nxe6 Bxg2 17. Kxg2 Qe4+ 18. f3 Qxe6 19. Bd2 Nd7 20. f4 Nf6 21. Kh2
Rfd8 22. Rad1 Rd3 23. Qc2 Rad8 24. Bc1 Qxc4 25. Rg1 Rxd1 26. Rxd1 Rxd1 27. Qxd1
Qxa2+ 28. Kg1 Qb1 29. Kf2 h6 0-1

[Event "European Rapid 2015"]
[Site "Minsk BLR"]
[Date "2015.12.19"]
[Round "2.9"]
[White "Mamedov, Rauf"]
[Black "Petrova, Irina"]
[Result "1-0"]
[WhiteTitle "GM"]
[BlackTitle "WIM"]
[WhiteElo "2650"]
[BlackElo "2249"]
[WhiteFideId "13401653"]
[BlackFideId "14124122"]
[EventDate "2015.12.19"]

1. e4 e5 2. Nc3 Nf6 3. g3 d5 4. exd5 Nxd5 5. Bg2 Nxc3 6. bxc3 Nc6 7. Nf3 Be7 8.
d3 Be6 9. O-O f6 10. Rb1 Rb8 11. c4 O-O 12. Be3 Qd7 13. Nd2 b6 14. Re1 Rbd8 15.
Ne4 Nd4 16. Bxd4 Qxd4 17. Qe2 Rfe8 18. Rbd1 Bb4 19. Rf1 Bf8 20. g4 Qd7 21. h3 h5
22. g5 Bxh3 23. Qxh5 Bxg2 24. Kxg2 fxg5 25. Nxg5 g6 26. Qxg6+ Qg7 27. Qxg7+ Bxg7
28. Ne4 Kf7 29. Kf3 Ke6 30. Ke2 Rh8 31. Rg1 Rdg8 32. Rg6+ Kf7 33. Rc6 Rc8 34.
Rg1 Rh6 35. Ng5+ Ke8 36. Rxh6 Bxh6 37. Nf3 Bf4 38. Rg7 a6 39. Ng5 Bxg5 40. Rxg5
Kd7 41. Rxe5 Rh8 42. Kd2 Rh2 43. Rf5 Rh1 44. Kc3 Ra1 45. Kb2 Rf1 46. Rf7+ Kd6
47. f4 c5 48. Rf8 Kc6 49. f5 Kb7 50. a4 a5 51. f6 Rf2 52. Kc1 Ka7 53. c3 Kb7 54.
f7 Ka7 55. d4 cxd4 56. cxd4 Rf4 57. Kc2 Kb7 58. Kd3 Rf1 59. d5 Rd1+ 60. Ke2 1-0

[Event "European Rapid 2015"]
[Site "Minsk BLR"]
[Date "2015.12.19"]
[Round "2.12"]
[White "Kalinin, Nikita"]
[Black "Bocharov, Dmitry"]
[Result "0-1"]
[BlackTitle "GM"]
[WhiteElo "2186"]
[BlackElo "2558"]
[WhiteFideId "24155390"]
[BlackFideId "4138716"]
[EventDate "2015.12.19"]

1. b3 c5 2. Bb2 Nc6 3. e3 e5 4. Bb5 Nge7 5. Nf3 d6 6. d4 cxd4 7. exd4 e4 8. Nfd2
d5 9. O-O a6 10. Bxc6+ bxc6 11. Ba3 Nf5 12. c3 Be6 13. Re1 Bxa3 14. Nxa3 O-O 15.
Nc2 Qg5 16. Ne3 Nd6 17. g3 Bh3 18. f4 exf3 19. Qxf3 Rae8 20. Nef1 Bxf1 21. Nxf1
Ne4 22. Re3 Re6 23. Qe2 Nxc3 24. Qd3 Ne4 25. Rae1 a5 26. Nd2 f5 27. Nf3 Qe7 28.
Ne5 f4 29. gxf4 Rxf4 30. R3e2 Qh4 31. Rc1 h6 32. Rg2 Ng5 33. Qa6 Rxd4 34. Qc8+
Kh7 0-1

[Event "European Rapid 2015"]
[Site "Minsk BLR"]
[Date "2015.12.19"]
[Round "2.13"]
[White "Ragger, Markus"]
[Black "Tsiganova, Monika"]
[Result "1-0"]
[WhiteTitle "GM"]
[BlackTitle "WIM"]
[WhiteElo "2687"]
[BlackElo "2090"]
[WhiteFideId "1610856"]
[BlackFideId "4500199"]
[EventDate "2015.12.19"]

1. d4 Nf6 2. c4 g6 3. Nc3 Bg7 4. e4 d6 5. Nf3 O-O 6. Be2 Nbd7 7. O-O e5 8. Be3
c6 9. d5 Qc7 10. Rc1 a6 11. b4 c5 12. a3 b6 13. Ne1 Ne8 14. Nd3 f5 15. f4 Nef6
16. bxc5 Nxe4 17. cxb6 Nxc3 18. bxc7 Nxd1 19. Bxd1 e4 20. Nb4 Rf7 21. c5 dxc5
22. Nc6 Nb6 23. d6 Bd7 24. Ne5 Bb5 25. Nxf7 Kxf7 26. Bxc5 Bxf1 27. Bxb6 1-0

[Event "European Rapid 2015"]
[Site "Minsk BLR"]
[Date "2015.12.19"]
[Round "2.14"]
[White "Olkhovskiy, Alexander"]
[Black "Roiz, Michael"]
[Result "0-1"]
[BlackTitle "GM"]
[WhiteElo "2095"]
[BlackElo "2594"]
[WhiteFideId "34188611"]
[BlackFideId "2804158"]
[EventDate "2015.12.19"]

1. e4 c5 2. f4 b6 3. Nc3 Bb7 4. Nf3 e6 5. g3 d5 6. exd5 exd5 7. Bb5+ Nd7 8. Ne5
Nf6 9. O-O Bd6 10. Nxd7 Nxd7 11. Qg4 Qe7 12. Bxd7+ Qxd7 13. Re1+ Kd8 14. Qxg7
Kc7 15. d4 cxd4 16. Ne2 Rhe8 17. Bd2 Re4 18. Nxd4 Rxd4 0-1

[Event "European Rapid 2015"]
[Site "Minsk BLR"]
[Date "2015.12.19"]
[Round "2.15"]
[White "Kovalev, Vladislav"]
[Black "Cherepov, Alexej"]
[Result "1-0"]
[WhiteTitle "GM"]
[WhiteElo "2546"]
[BlackElo "2174"]
[WhiteFideId "13504398"]
[BlackFideId "13503650"]
[EventDate "2015.12.19"]

1. e4 c5 2. Nf3 Nc6 3. Nc3 d6 4. d4 cxd4 5. Nxd4 Nf6 6. Bg5 e6 7. Qd3 Be7 8.
O-O-O a6 9. Bxf6 gxf6 10. f4 Nxd4 11. Qxd4 Bd7 12. f5 Qa5 13. Bc4 O-O-O 14. Bb3
Qe5 15. Qe3 Kb8 16. Nd5 Bf8 17. Nb6 Bc6 18. Rhe1 Qxh2 19. Kb1 Bh6 20. Qc3 Qxg2
21. fxe6 fxe6 22. Bxe6 Bxe4 23. Nd7+ Ka8 24. Rxd6 Bf4 25. Rd4 f5 26. Red1 Rde8
27. Bd5 Bxd5 28. Rxd5 Be3 29. Nf6 Re7 30. Ng4 Rhe8 31. Nxe3 Rxe3 32. Rd8+ Ka7
33. Qc5+ 1-0

[Event "European Rapid 2015"]
[Site "Minsk BLR"]
[Date "2015.12.19"]
[Round "2.17"]
[White "Petrosian, Tigran L."]
[Black "Nowicki, Bartosz"]
[Result "1-0"]
[WhiteTitle "GM"]
[WhiteElo "2625"]
[BlackElo "2113"]
[WhiteFideId "13301616"]
[BlackFideId "1179730"]
[EventDate "2015.12.19"]

1. Nf3 c5 2. g3 Nc6 3. Bg2 g6 4. c3 Bg7 5. d4 cxd4 6. cxd4 d5 7. Nc3 Nf6 8. Ne5
O-O 9. O-O Nd7 10. Nxc6 bxc6 11. Be3 Qa5 12. Qd2 Re8 13. Rac1 e5 14. b3 Ba6 15.
Rfe1 Rad8 16. dxe5 Nxe5 17. Na4 Qxd2 18. Bxd2 d4 19. Nc5 Bc8 20. Ba5 Rd6 21. Bc7
Rf6 22. Bxe5 Rxe5 23. Nd3 Ra5 24. a4 Ra6 25. Nb4 Rb6 26. Nd5 cxd5 27. Rxc8+ Bf8
28. Bxd5 Kg7 29. Rc7 a5 30. Rd1 Bd6 31. Ra7 Bb4 32. Rxd4 Bc5 33. Rf4 g5 34.
Rxf7+ 1-0

[Event "European Rapid 2015"]
[Site "Minsk BLR"]
[Date "2015.12.19"]
[Round "2.18"]
[White "Motylev, Alexander"]
[Black "Lappo, Vladimir"]
[Result "1-0"]
[WhiteTitle "GM"]
[WhiteElo "2653"]
[BlackElo "2153"]
[WhiteFideId "4121830"]
[BlackFideId "13503782"]
[EventDate "2015.12.19"]

1. e4 e6 2. d4 d5 3. Nc3 Nf6 4. e5 Nfd7 5. f4 c5 6. Nf3 Nc6 7. Be3 Qb6 8. Na4
Qa5+ 9. c3 cxd4 10. b4 Nxb4 11. cxb4 Bxb4+ 12. Bd2 Bxd2+ 13. Nxd2 a6 14. Rc1 f6
15. Bd3 O-O 16. exf6 Rxf6 17. O-O b5 18. Nc5 Nxc5 19. Rxc5 Bd7 20. Qc2 h6 21.
Rc7 Rd8 22. Nb3 Qb6 23. Qc5 Qxc5 24. Nxc5 Rc8 25. Nxa6 Rxc7 26. Nxc7 b4 27. Na6
g5 28. g3 gxf4 29. gxf4 Rf8 30. Nxb4 Ra8 31. Ra1 Ra3 32. Kf2 Ba4 33. Ke2 Bb3 34.
Rg1+ 1-0

[Event "European Rapid 2015"]
[Site "Minsk BLR"]
[Date "2015.12.19"]
[Round "2.19"]
[White "Saveliev, Alexei"]
[Black "Grachev, Boris"]
[Result "1-0"]
[BlackTitle "GM"]
[WhiteElo "2328"]
[BlackElo "2652"]
[WhiteFideId "24128546"]
[BlackFideId "4129199"]
[EventDate "2015.12.19"]

1. e4 c5 2. Nf3 e6 3. d4 cxd4 4. Nxd4 Nc6 5. Nc3 a6 6. Be2 d6 7. Be3 Bd7 8. O-O
Nf6 9. f4 Be7 10. Qe1 O-O 11. Qg3 Nxd4 12. Bxd4 Bc6 13. Rae1 b5 14. a3 Qd7 15.
Bd3 a5 16. Kh1 b4 17. axb4 axb4 18. Nd1 Qb7 19. Nf2 Nh5 20. Qg4 g6 21. f5 e5 22.
Be3 Bf6 23. Nh3 Bg7 24. fxg6 hxg6 25. Ng5 Qe7 26. Bc4 Bd7 27. Qh4 Be6 28. Be2 f6
29. Nxe6 Qxe6 30. Bxh5 gxh5 31. Qxh5 Rac8 32. Re2 Rf7 33. Qg6 Kf8 34. Ref2 Ke7
35. Qh5 Qc4 36. Qf3 Rcf8 37. Ra1 Rc8 38. Qf5 Rc7 39. Bb6 Rb7 40. Be3 Qe6 41. Qf3
Rc7 42. Qe2 Qc4 43. Qf3 Rf8 44. Qg4 Bh8 45. Qf5 Qe6 46. Qf3 Rg8 47. Rd2 Qg4 48.
Ra6 Qxf3 49. gxf3 Rd8 50. Bb6 Rcd7 51. Bxd8+ Rxd8 52. Rb6 Ke6 53. Rxb4 Bg7 54.
c4 Bh6 55. Rd3 Rc8 56. b3 Rc6 57. Rb7 Ra6 58. b4 Ra1+ 59. Kg2 Ra2+ 60. Kg1 Ra1+
61. Kf2 Ra2+ 62. Ke1 Rc2 63. Rb6 Rc1+ 64. Rd1 Rxc4 65. Rdxd6+ Ke7 66. Re6+ Kd7
67. Rxf6 Be3 68. Rb7+ Kc8 69. Rh7 1-0

[Event "European Rapid 2015"]
[Site "Minsk BLR"]
[Date "2015.12.19"]
[Round "2.20"]
[White "Milov, Vadim"]
[Black "Aronin, Pavel"]
[Result "1-0"]
[WhiteTitle "GM"]
[WhiteElo "2615"]
[BlackElo "2053"]
[WhiteFideId "1304364"]
[BlackFideId "2810115"]
[EventDate "2015.12.19"]

1. d4 Nf6 2. c4 e6 3. Nc3 d5 4. cxd5 exd5 5. Bg5 Be7 6. e3 h6 7. Bf4 c6 8. Bd3
O-O 9. Qc2 Nbd7 10. Nf3 Nh5 11. Be5 Nhf6 12. O-O-O c5 13. Kb1 c4 14. Bf5 Nb6 15.
g4 Bxf5 16. gxf5 Bb4 17. Rhg1 Kh8 18. e4 dxe4 19. Nxe4 Be7 20. d5 Ne8 21. f6
Bxf6 22. Nxf6 Nxf6 23. Rxg7 Kxg7 24. Rg1+ Kh8 25. Qc1 Kh7 26. Ng5+ hxg5 27. Qxg5
Rh8 1-0

[Event "European Rapid 2015"]
[Site "Minsk BLR"]
[Date "2015.12.19"]
[Round "2.21"]
[White "Alekseev, Evgeny"]
[Black "Pastukhov, Igor"]
[Result "1-0"]
[WhiteTitle "GM"]
[WhiteElo "2642"]
[BlackElo "2230"]
[WhiteFideId "4138147"]
[BlackFideId "14104504"]
[EventDate "2015.12.19"]

1. e4 e5 2. Nf3 Nc6 3. Bb5 a6 4. Ba4 Nf6 5. d3 b5 6. Bb3 Bc5 7. c3 d6 8. Bg5 h6
9. Bh4 Bb6 10. Nbd2 Be6 11. Bc2 O-O 12. Nf1 Re8 13. Ne3 g6 14. O-O Kg7 15. d4
exd4 16. Nxd4 Qd7 17. Qd2 Nh7 18. f4 Nxd4 19. cxd4 f5 20. exf5 gxf5 21. Kh1 Nf6
22. Bxf6+ Kxf6 23. d5 Bxe3 24. Qxe3 Bg8 25. Qd4+ Kf7 26. Rf3 Bh7 27. Rh3 Bg6 28.
Rxh6 Qe7 29. Rh3 Qf6 30. Qc3 Re7 31. Rf3 Rae8 32. Kg1 Bh5 33. Rg3 Rg8 34. Qxf6+ 1-0

[Event "European Rapid 2015"]
[Site "Minsk BLR"]
[Date "2015.12.19"]
[Round "2.22"]
[White "Sotsky, Alexander"]
[Black "Stupak, Kirill"]
[Result "0-1"]
[WhiteTitle "IM"]
[BlackTitle "GM"]
[WhiteElo "2363"]
[BlackElo "2542"]
[WhiteFideId "4130715"]
[BlackFideId "13503758"]
[EventDate "2015.12.19"]

1. d4 g6 2. Bg5 Bg7 3. c3 d5 4. e3 Nf6 5. Bd3 O-O 6. Nd2 c5 7. f4 Qb6 8. Rb1 Qe6
9. Qe2 Ng4 10. Nf1 Nc6 11. Nf3 Qd6 12. Ne5 f6 13. Nxg4 fxg5 14. fxg5 e5 15. dxc5
Qxc5 16. Nf2 e4 17. Bc2 Qe7 18. h4 Qe5 19. Rd1 Be6 20. Nh3 h5 21. Nf4 Bg4 22.
Rxd5 Bxe2 23. Rxe5 Bxf1 24. Rxe4 Ba6 25. Nxg6 Rfe8 26. Nf4 Ne5 27. Nxh5 Rad8 28.
Nxg7 Kxg7 29. h5 Bd3 30. Rb4 Bxc2 31. Rxb7+ Rd7 32. Rxd7+ Nxd7 33. O-O Rxe3 34.
h6+ Kg6 35. h7 Re8 36. Rf2 Bf5 37. Rf4 Kxg5 38. Ra4 Bxh7 39. Rxa7 Bf5 40. Kf2
Ne5 41. Rg7+ Kf4 42. g3+ Ke4 43. b3 Rd8 44. Re7 Rd2+ 45. Ke1 Rxa2 46. b4 Ke3 47.
Kf1 Ke4 48. b5 Rb2 49. c4 Ke3 0-1

[Event "European Rapid 2015"]
[Site "Minsk BLR"]
[Date "2015.12.19"]
[Round "2.23"]
[White "Frizyuk, Natalia"]
[Black "Zvjaginsev, Vadim"]
[Result "0-1"]
[WhiteTitle "WFM"]
[BlackTitle "GM"]
[WhiteElo "2155"]
[BlackElo "2662"]
[WhiteFideId "34135461"]
[BlackFideId "4113403"]
[EventDate "2015.12.19"]

1. g3 e5 2. Bg2 Nf6 3. d3 Bc5 4. e4 O-O 5. Ne2 d5 6. Nd2 Bxf2+ 7. Kxf2 Ng4+ 8.
Kg1 Ne3 9. Qe1 Nxc2 10. Rb1 Nxe1 0-1

[Event "European Rapid 2015"]
[Site "Minsk BLR"]
[Date "2015.12.19"]
[Round "2.24"]
[White "Gaspariants, Garry"]
[Black "Bortnyk, Olexandr"]
[Result "0-1"]
[BlackTitle "GM"]
[WhiteElo "2154"]
[BlackElo "2552"]
[WhiteFideId "4106806"]
[BlackFideId "14120828"]
[EventDate "2015.12.19"]

1. d4 d6 2. Nf3 Nf6 3. c4 g6 4. Nc3 Bf5 5. d5 Bg7 6. Nd4 Bd7 7. e4 O-O 8. Bg5 c5
9. Nf3 Qa5 10. Nd2 a6 11. Be2 b5 12. Qc2 b4 13. Nd1 h6 14. Bh4 Ba4 15. b3 Be8
16. Rc1 Nbd7 17. f4 Qc7 18. O-O a5 19. Bf3 a4 20. e5 axb3 21. axb3 dxe5 22. d6
Qxd6 23. Bxa8 exf4 24. Bf3 g5 25. Bf2 Ne5 26. Nb2 g4 27. Be4 Bd7 28. Rcd1 Nxe4
29. Nxe4 Qg6 30. Bxc5 f3 31. Rd2 Bf5 32. Re1 fxg2 33. Kxg2 Nf3 34. Rde2 Nxe1+
35. Rxe1 Bxb2 36. Qxb2 Bxe4+ 37. Kg3 Qh5 38. Rxe4 Qh3+ 39. Kf4 Qf3+ 40. Ke5 Qf6+
41. Kd5 Rd8+ 0-1

[Event "European Rapid 2015"]
[Site "Minsk BLR"]
[Date "2015.12.19"]
[Round "2.25"]
[White "Sakaev, Konstantin"]
[Black "Buksa, Nataliya"]
[Result "1-0"]
[WhiteTitle "GM"]
[BlackTitle "WGM"]
[WhiteElo "2594"]
[BlackElo "2287"]
[WhiteFideId "4104226"]
[BlackFideId "14123622"]
[EventDate "2015.12.19"]

1. Nf3 Nf6 2. g3 g6 3. b3 d5 4. Bb2 Bg7 5. c4 c6 6. Bg2 O-O 7. O-O Nbd7 8. d4 b6
9. Nc3 Bb7 10. Qc2 Qc7 11. e4 dxe4 12. Nxe4 e6 13. Nxf6+ Nxf6 14. c5 Rad8 15.
Rfe1 Nd7 16. Rac1 Rfe8 17. b4 bxc5 18. dxc5 e5 19. Nd2 Re7 20. Nc4 Nf8 21. Nd6
Bc8 22. Qe4 Bd7 23. Qh4 f6 24. f4 Be8 25. fxe5 fxe5 26. Re2 Rxd6 27. cxd6 Qxd6
28. Qe4 Ne6 29. Rce1 Nd8 30. a3 Bf7 31. Qc2 Bd5 32. Rd1 Qe6 33. b5 Re8 34. bxc6
Bxg2 35. Kxg2 Nxc6 36. Qe4 Nd8 37. Qd5 Nf7 38. Qxe6 Rxe6 39. Rd7 a5 40. Bc3 a4
41. Ra7 Nd6 42. Rxa4 Nb5 43. Bb2 Bf6 44. Rb4 Nc7 45. Rb8+ Ne8 46. a4 Kg7 47. a5
e4 48. Rb6 Rxb6 49. axb6 Nd6 50. Bxf6+ Kxf6 51. Rxe4 Nxe4 52. b7 1-0

[Event "European Rapid 2015"]
[Site "Minsk BLR"]
[Date "2015.12.19"]
[Round "2.26"]
[White "Kuznetsov, Mikhail V."]
[Black "Huzman, Alexander"]
[Result "0-1"]
[WhiteTitle "FM"]
[BlackTitle "GM"]
[WhiteElo "2341"]
[BlackElo "2581"]
[WhiteFideId "4194900"]
[BlackFideId "2803828"]
[EventDate "2015.12.19"]

1. d4 Nf6 2. Nf3 g6 3. Bf4 Bg7 4. e3 d6 5. Be2 Nh5 6. Bg5 h6 7. Bh4 g5 8. Bg3
Nxg3 9. hxg3 Nc6 10. d5 Ne5 11. Nd4 c5 12. Nb3 O-O 13. Nc3 Rb8 14. f4 Nd7 15. a4
Nf6 16. Qd3 e6 17. O-O-O Nxd5 18. Nxd5 exd5 19. Qxd5 Qf6 20. Bd3 Qxb2+ 21. Kd2
Bg4 22. e4 Qc3+ 23. Ke3 Be6 24. Qxd6 Rfd8 25. Qxc5 Qxc5+ 26. Nxc5 Bd4+ 27. Ke2
Bxc5 28. Rxh6 Bg4+ 0-1

[Event "European Rapid 2015"]
[Site "Minsk BLR"]
[Date "2015.12.19"]
[Round "2.27"]
[White "Azarov, Sergei"]
[Black "Ungurs, Edgars"]
[Result "1-0"]
[WhiteTitle "GM"]
[WhiteElo "2595"]
[BlackElo "2116"]
[WhiteFideId "13501470"]
[BlackFideId "11601205"]
[EventDate "2015.12.19"]

1. e4 c6 2. d4 d5 3. Nc3 dxe4 4. Nxe4 h6 5. Nf3 Bf5 6. Bd3 e6 7. Qe2 Bxe4 8.
Qxe4 Nf6 9. Qe2 Bd6 10. Bd2 Qc7 11. g3 Nbd7 12. O-O-O O-O-O 13. Rhe1 c5 14. Kb1
Kb8 15. c4 Ka8 16. Bc3 Qb6 17. Bc2 cxd4 18. Rxd4 Bc5 19. Rd2 Nb8 20. Ne5 Rxd2
21. Qxd2 Bxf2 22. Rf1 Be3 23. Qe1 Bd4 24. Bxd4 Qxd4 25. Nxf7 Re8 26. Ne5 Nbd7
27. Nxd7 Nxd7 28. Qe2 Ne5 29. Rd1 Qc5 30. b3 a5 31. Be4 Rf8 32. Bd5 exd5 33.
Qxe5 Rf2 34. Qxd5 Qxd5 35. Rxd5 a4 36. Ra5+ Kb8 37. Rxa4 Rxh2 38. c5 h5 39. Rf4
Rg2 40. Rf5 Rxg3 41. Rxh5 Rg2 42. b4 Kc7 43. b5 Kd7 44. Rd5+ Ke6 45. Rd6+ Ke7
46. Rb6 g5 47. Rxb7+ Ke6 48. c6 Kd6 49. Rd7+ Ke6 50. b6 Rg4 51. b7 Rb4+ 52. Ka1
g4 53. Rd8 1-0

[Event "European Rapid 2015"]
[Site "Minsk BLR"]
[Date "2015.12.19"]
[Round "2.28"]
[White "Maslenkov, Yuriy"]
[Black "Landa, Konstantin"]
[Result "0-1"]
[BlackTitle "GM"]
[WhiteElo "2138"]
[BlackElo "2625"]
[WhiteFideId "13505831"]
[BlackFideId "4101685"]
[EventDate "2015.12.19"]

1. e4 c5 2. b3 g6 3. Bb2 Nf6 4. e5 Nd5 5. Nc3 Nxc3 6. Bxc3 Nc6 7. f4 Bg7 8. Bc4
O-O 9. Nf3 d5 10. exd6 Qxd6 11. O-O Bg4 12. h3 Bxf3 13. Qxf3 e6 14. Rad1 Rab8
15. a4 a6 16. Bd3 b5 17. axb5 axb5 18. Be4 Nd4 19. Bxd4 Bxd4+ 20. Kh1 Rb6 21. c3
Bg7 22. Qe3 Rd8 23. Bf3 h5 24. c4 0-1

[Event "European Rapid 2015"]
[Site "Minsk BLR"]
[Date "2015.12.19"]
[Round "2.29"]
[White "Demidov, Mikhail"]
[Black "Belova, Olga"]
[Result "1-0"]
[WhiteTitle "IM"]
[BlackTitle "WFM"]
[WhiteElo "2485"]
[BlackElo "2006"]
[WhiteFideId "4197143"]
[BlackFideId "4138422"]
[EventDate "2015.12.19"]

1. d4 Nf6 2. Nf3 e6 3. c4 Bb4+ 4. Nbd2 d6 5. g3 Nc6 6. Bg2 O-O 7. O-O Bxd2 8.
Bxd2 Qe7 9. Qc2 a5 10. e4 e5 11. d5 Nb8 12. Ne1 Bd7 13. Nd3 c6 14. Qb3 b5 15.
cxb5 cxb5 16. Rae1 b4 17. f4 Bb5 18. fxe5 dxe5 19. Bg5 Nbd7 20. Qd1 h6 21. Be3
Rac8 22. h3 Rc4 23. Bf2 Rfc8 24. Re2 Nc5 25. Nxc5 R4xc5 26. Bxc5 Qxc5+ 27. Rff2
Bxe2 28. Qxe2 Ne8 29. Qh5 f6 30. Qf5 Nd6 31. Qe6+ Kh8 32. Bf3 Nb5 33. Bg4 Rd8
34. Qc6 Qd4 35. Qxb5 Qxe4 36. Be6 Qe1+ 37. Qf1 Qe3 38. Kh2 a4 39. Rxf6 1-0

[Event "European Rapid 2015"]
[Site "Minsk BLR"]
[Date "2015.12.19"]
[Round "2.30"]
[White "Chigaev, Maksim"]
[Black "Kameko, Aleksandr"]
[Result "1-0"]
[WhiteTitle "IM"]
[WhiteElo "2526"]
[BlackElo "2075"]
[WhiteFideId "4108116"]
[BlackFideId "13510363"]
[EventDate "2015.12.19"]

1. e4 c5 2. Nf3 Nc6 3. Bb5 g6 4. Bxc6 dxc6 5. d3 Bg7 6. h3 Nf6 7. O-O O-O 8. Nc3
Nd7 9. Be3 b6 10. Qd2 e5 11. Nh2 Nf6 12. Bh6 Nh5 13. Bxg7 Kxg7 14. Ne2 Be6 15.
Nf3 Qf6 16. Qc3 Bxh3 17. Nxe5 Rfe8 18. f4 Bc8 19. g3 Kg8 20. Rf2 Qd6 21. Rh2 f6
22. Nc4 Qe6 23. f5 Qe7 24. g4 Ng7 25. Nf4 g5 26. Nh5 Nxh5 27. Rxh5 b5 28. Ne3
Qe5 29. Qxe5 Rxe5 30. a4 Bb7 31. Kf2 Kg7 32. Nf1 c4 33. Nd2 cxd3 34. cxd3 bxa4
35. Rxa4 Rb5 36. Rd4 Bc8 37. b3 Rab8 38. Rd6 c5 39. e5 1-0

[Event "European Rapid 2015"]
[Site "Minsk BLR"]
[Date "2015.12.19"]
[Round "2.31"]
[White "Bayramov, Zaur"]
[Black "Goganov, Aleksey"]
[Result "0-1"]
[BlackTitle "GM"]
[WhiteElo "2114"]
[BlackElo "2597"]
[WhiteFideId "13405080"]
[BlackFideId "24109959"]
[EventDate "2015.12.19"]

1. e4 c5 2. Nf3 Nc6 3. g3 g6 4. Bg2 Bg7 5. O-O e5 6. d3 Nge7 7. Nc3 O-O 8. Nh4
d6 9. f4 Nd4 10. h3 Be6 11. Kh2 Rb8 12. Ne2 Nxe2 13. Qxe2 exf4 14. gxf4 f5 15.
c3 Qd7 16. Nf3 Kh8 17. Be3 Rbe8 18. e5 Bg8 19. d4 cxd4 20. cxd4 Nd5 21. Rfc1 Bh6
22. Qd2 Rd8 23. h4 Nxe3 24. Qxe3 dxe5 25. Qxe5+ Bg7 26. Qc7 Bxd4 27. Qxd7 Rxd7
28. Nxd4 Rxd4 29. Rc7 Rxf4 30. Rxb7 Rxh4+ 31. Kg1 Rg4 32. Rd1 f4 33. Kf2 f3 34.
Bf1 Rh4 35. Rdd7 a5 36. a3 a4 37. Kg3 Rh1 38. Kf2 Rh2+ 39. Kg3 Rc2 40. Rdc7 Rxc7
41. Rxc7 Rb8 42. Kxf3 Rxb2 43. Rc8 Kg7 44. Ke4 Rb3 45. Rc7+ Kf6 46. Rc8 Kg7 47.
Rc7+ Kh6 48. Rc8 Be6 0-1

[Event "European Rapid 2015"]
[Site "Minsk BLR"]
[Date "2015.12.19"]
[Round "2.32"]
[White "Belous, Vladimir"]
[Black "Loy, Konstantin"]
[Result "1-0"]
[WhiteTitle "GM"]
[WhiteElo "2557"]
[BlackElo "2222"]
[WhiteFideId "4174003"]
[BlackFideId "14122499"]
[EventDate "2015.12.19"]

1. c4 c5 2. Nf3 Nf6 3. g3 g6 4. Bg2 Bg7 5. O-O O-O 6. d4 cxd4 7. Nxd4 Nc6 8. Nc3
d6 9. Nc2 Be6 10. b3 Qd7 11. Bb2 Bh3 12. Ne3 Bxg2 13. Kxg2 Rab8 14. Qd2 a6 15.
Rac1 b5 16. cxb5 axb5 17. Ncd5 Nxd5 18. Nxd5 Bxb2 19. Qxb2 Rfc8 20. Rfd1 Qe6 21.
f3 Ne5 22. Qd4 Nc6 23. Qf2 h5 24. Rc3 Ne5 25. Qa7 Rxc3 26. Qxb8+ Rc8 27. Qxc8+ 1-0

[Event "European Rapid 2015"]
[Site "Minsk BLR"]
[Date "2015.12.19"]
[Round "2.33"]
[White "Shaydullina, Sandugach"]
[Black "Andriasian, Zaven"]
[Result "0-1"]
[WhiteTitle "WGM"]
[BlackTitle "GM"]
[WhiteElo "2134"]
[BlackElo "2594"]
[WhiteFideId "4140389"]
[BlackFideId "13302000"]
[EventDate "2015.12.19"]

1. d4 g6 2. e4 d6 3. Nc3 Bg7 4. g3 Nf6 5. Bg2 O-O 6. Nge2 e5 7. O-O Nbd7 8. h3
c6 9. a4 Re8 10. Be3 b6 11. g4 Ba6 12. Re1 h5 13. g5 Nh7 14. h4 Nhf8 15. d5 c5
16. Ng3 Nh7 17. Bh3 Ndf8 18. Kh2 Bc8 19. Bf1 f6 20. Qd2 a6 21. f4 exf4 22. Bxf4
fxg5 23. hxg5 Be5 24. Bc4 Qd7 25. Bf1 Qg4 26. Bxe5 Rxe5 27. Re3 Nxg5 28. Qf2 Ra7
29. Bg2 Rf7 30. Qe2 Qh4+ 31. Kg1 Bg4 32. Qe1 Nf3+ 33. Rxf3 Bxf3 34. Nf5 Qxe1+
35. Rxe1 Rfxf5 36. exf5 Rxe1+ 37. Kf2 Bxg2 38. Kxe1 gxf5 39. Kf2 Be4 40. Kg3 Ng6 0-1